000 00331nam a2200121 a 4500
005 20140414093847.0
008 100223s19uu xx uuu eng d
050 _aCDB 909.21
_bHER 2002
245 _aThe Heritage of World civilizations :
_bvol. 1: to 1650.
650 _aCivilizations
_xHistory.
942 _cAVM
999 _c109638
_d109638